| 000 | 00865cam a22002657a 4500 | ||
|---|---|---|---|
| 001 | 14282593 | ||
| 003 | OSt | ||
| 005 | 20160727143711.0 | ||
| 008 | 060301p20051982maua j 000 1 eng | ||
| 010 | _a 2006272273 | ||
| 020 | _a0553225413 | ||
| 040 |
_aDLC _cDLC |
||
| 050 | 0 | 0 |
_aPZ 7 _b.M787 1982 |
| 082 |
_aKF _bM76h #15 |
||
| 100 | 1 |
_aMontgomery, R. A. _95262 |
|
| 245 | 1 | 0 |
_aHouse of danger / _cby R.A. Montgomery ; illustrated by Ralph Reese. |
| 260 |
_aToronto : _bBantam Books, _cc1982. |
||
| 300 |
_a108 p. _bill. ; _c18 cm. |
||
| 490 | 0 |
_aChoose your own adventure ; _v6 |
|
| 562 | _eFor circulation. 1 copy available in the collection | ||
| 906 |
_a7 _bcbc _corigres _d4 _encip _f20 _gy-gencatlg |
||
| 942 |
_2lcc _cBK |
||
| 999 |
_c1127 _d1127 |
||